Cost effective treatment of arsenic in drinking water of seis mandi/ (Record no. 550834)
[ view plain ]
| 000 -LEADER | |
|---|---|
| fixed length control field | 00330nam a22001217a 4500 |
| 082 ## - DEWEY DECIMAL CLASSIFICATION NUMBER | |
| Classification number | P-520 |
| 100 ## - MAIN ENTRY--PERSONAL NAME | |
| Personal name | Raheel Tariq. |
| 9 (RLIN) | 47660 |
| 245 ## - TITLE STATEMENT | |
| Title | Cost effective treatment of arsenic in drinking water of seis mandi/ |
| Remainder of title | Raheel Tariq. |
| 260 ## - PUBLICATION, DISTRIBUTION, ETC. | |
| Place of publication, distribution, etc. | MCE |
| Date of publication, distribution, etc. | 2013. |
| 526 ## - STUDY PROGRAM INFORMATION NOTE | |
| Program name | 0 |
| Interest level | 0 |
| Reading level | 0 |
| Title point value | P_520 |
| 700 ## - ADDED ENTRY--PERSONAL NAME | |
| Personal name | Dr. Arshad Ali. |
| 942 ## - ADDED ENTRY ELEMENTS (KOHA) | |
| Source of classification or shelving scheme | |
| Koha item type | Book |
| Withdrawn status | Lost status | Source of classification or shelving scheme | Damaged status | Not for loan | Permanent Location | Current Location | Date acquired | Total Checkouts | Full call number | Barcode | Date last seen | Price effective from | Koha item type | Public note |
|---|---|---|---|---|---|---|---|---|---|---|---|---|---|---|
| Military College of Engineering (MCE) | Military College of Engineering (MCE) | 11/26/2014 | P-520 | MCE-P-520 | 11/26/2014 | 11/26/2014 | Book | Project |
